000 02388nam a22004333i 4500
001 EBC6576324
003 MiAaPQ
005 20240312203055.0
007 cr cnu||||||||
008 220701s2021 xx o ||||0 eng d
020 _a9780674259263
_q(electronic bk.)
020 _z9780674251649
040 _aMiAaPQ
_beng
_cMiAaPQ
100 1 _aIronside, Kristy.
_98011
_4aut
_eauthor
245 1 2 _aA full-value ruble :
_bthe promise of prosperity in the postwar Soviet Union.
_cKristy Ironside
264 1 _aCambridge :
_bHarvard University Press,
_c2021.
264 4 _c©2021.
300 _a1 online resource (321 pages)
336 _aText
_btxt
_2rdacontent
337 _aComputermedien
_bc
_2rdamedia
338 _aOnline Resource
_bcr
_2rdacarrier
490 1 _aHarvard Historical Studies; Ser. ;
_vv.number 191
500 _aE-Book-ProQuest / Fernzugriff nach Registrierung möglich
505 0 _aCover -- Title Page -- Copyright -- Contents -- Note on Currency and on Institutions -- Note on Translation and Transliteration -- Glossary of Key Terms -- Timeline of Important Events -- Introduction: The Ruble and Soviet Prosperity -- 1. Our Low-Price Guarantee -- 2. Income Redistribution without "Leveling" -- 3. Socialist Security -- 4. All Your Wages in Hand -- 5. Real Returns -- Conclusion: Prosperity Postponed -- Appendixes -- Notes -- Bibliography -- Acknowledgments -- Index.
520 _aMoney did not become obsolete under Communism. The ruble remained a key feature of Soviet life. After World War II, money became an essential tool of the Soviet government. A strong ruble represented the nation's promise of future prosperity, but its failure to deliver improved purchasing power undermined popular confidence in Communism.
650 4 _aLebensstandard
_98688
650 4 _aLebensunterhalt
_98689
650 4 _aLebensbedingungen
_94469
650 4 _aSoziale Situation
651 _aSowjetunion
_9127
655 4 _aElectronic books.
655 _aFernzugriff
_9230
776 0 8 _iPrint version:
_aIronside, Kristy
_tA Full-Value Ruble
_dCambridge : Harvard University Press,c2021
_z9780674251649
830 0 _aHarvard Historical Studies; Ser.
_98012
856 4 0 _uhttps://ebookcentral.proquest.com/lib/maxweberstiftung-ebooks/detail.action?docID=6576324
_zVolltext
942 _cEB
_2z
999 _c60332
_d60332